Rwanda Premier League 2025/26 - nagła śmierć - Statystyki

Ogólne statystyki
  • Ten quiz został rozwiązany 8 razy
  • Średni wynik to 2 z 18
Answers on the Grid
Answers color-coded by a green-red scale on the quiz's grid according to % correct below.
Tusker FC
Amagaju FC
AS New Soger
Gicumbi FC
Vision FC
Marines FC
Mukura Victory Sports
Etincelles FC
Mbarara FC
Prison Service FC
Bugesera FC
Gorilla FC
Bumamuru FC
Police FC
Al-Hilal Omdurman
Kiyovu Sports
ASAC Concorde
Al-Merreikh Omdurman
Al-Merreikh Dżuba
APR FC
AS Kigali
Azam FC
Rutsiro FC
AS Muhanga
Gasogi United
Lioli FC
Musanze FC
Rayon Sports FC
 
Statystyki odpowiedzi
Odpowiedź % Poprawnych
Police FC
67%
APR FC
33%
AS Kigali
33%
Amagaju FC
17%
Bugesera FC
17%
Gicumbi FC
17%
Kiyovu Sports
17%
Musanze FC
17%
Klub z Sudanu, dołączył w trakcie sezonu. Al-Hilal Omdurman
0%
Klub z Sudanu dołączył w trakcie sezonu. Al-Merreikh Omdurman
0%
AS Muhanga
0%
Etincelles FC
0%
Gasogi United
0%
Gorilla FC
0%
Marines FC
0%
Mukura Victory Sports
0%
Rayon Sports FC
0%
Rutsiro FC
0%
Nie znaleziono quizów pasujących do podanych kryteriów
Rozkład punktacji
Procent ludzi z każdym wynikiem
Percentyl według liczby udzielonych odpowiedzi
Twoja historia wyników
Nie rozwiązałeś tego quizu